| 000 | 01148nam a2200301 i 4500 | ||
|---|---|---|---|
| 003 | DO-SdBNP | ||
| 005 | 20250127134324.0 | ||
| 007 | ta | ||
| 008 | 220613e2000 dr a|||grd||| 001 0dspa d | ||
| 040 |
_aDO-SdBNP _bspa _cBNPHU _erda |
||
| 041 | _aspa | ||
| 082 | 4 |
_a658.003 _bL247n _222 |
|
| 100 | 1 |
_aLáncer, Pedro de, _d1948- _eautor _4aut. _924885 |
|
| 245 | 1 | 0 |
_aDiccionario enciclopédico empresarial / _cPedro De Lancer ; prólogo, Donatila Germán Pérez. |
| 264 | 4 |
_aSanto Domingo, República Dominicana : _bUniversitaria-UASD, _c©2000. |
|
| 300 |
_a266 [8] páginas : _bilustraciones ; _c22 cm. |
||
| 336 |
_atexto _btxt _2rdacontent |
||
| 337 |
_asin mediación _bn _2rdamedia |
||
| 338 |
_avolumen _bnc _2rdacarrier |
||
| 490 |
_aPublicaciones de la Universidad Autónoma de Santo Domingo _v968 |
||
| 500 | _aIncluye datos biográficos del autor en la contracubierta. | ||
| 590 | _aInventariado, 2024/BT | ||
| 650 | 4 |
_aEmpresas _xDiccionario _95870 |
|
| 650 | 4 |
_913957 _aDiccionario Enciclopédico |
|
| 700 | 1 |
_aGermán Pérez, Donatila, _eprologuista _4pr. _981851 |
|
| 910 | _aMFeliz. Validado. Control de Calidad/MAA | ||
| 942 |
_2ddc _cLBS1 |
||
| 999 |
_c52024 _d52024 |
||